Rozhodovanie podniku pri výbere stratégie externého rastu

Pojem mergers and acquisitions (spojenie, zjednotenie podnikov). Špecifiká stratégie externého rastu a spôsoby využitia špecifických metód pri rozhodovaní o akvizíciách alebo fúziách na základe modelov, ktorých základom je hodnotenie budúcich výnosov podniku. Fúzie a akvizície z pohľadu účtovných...

Ausführliche Beschreibung

Gespeichert in:
Bibliographische Detailangaben
1. Verfasser: Vološin, Martin
Format: Buchkapitel
Sprache:Slowakisch
Schlagworte:
Tags: Tag hinzufügen
Keine Tags, Fügen Sie das erste Tag hinzu!

MARC

LEADER 00000naa$a2200000$$$4500
001 0027528
005 20230929124838.2
041 0 |a slo 
044 |a CZ 
245 1 0 |a Rozhodovanie podniku pri výbere stratégie externého rastu  |c Martin Vološin 
520 |a Pojem mergers and acquisitions (spojenie, zjednotenie podnikov). Špecifiká stratégie externého rastu a spôsoby využitia špecifických metód pri rozhodovaní o akvizíciách alebo fúziách na základe modelov, ktorých základom je hodnotenie budúcich výnosov podniku. Fúzie a akvizície z pohľadu účtovných štandardov. Podstata akvizície. 
610 2 0 |a rast podniku 
610 2 0 |a zlučovanie podnikov 
610 2 0 |a akvizícia 
610 2 0 |a fúzie 
610 2 0 |a náklady 
610 2 0 |a rozhodovanie investičné 
610 2 0 |a rozhodovanie strategické 
610 2 0 |a podnik 
610 2 0 |a diagnostika podniková 
100 1 |a Vološin, Martin